Missing Word: Winter Sports Movies Quiz Stats

 Plays Quiz Updated Dec 27, 2015

Challenge
Share
Tweet
Embed
Score 0/12 Timer 02:00
0 Plays Today
Movie Missing Word % Correct
____ RunningsCool
94.9%
The Other ____ of the MountainSide
94.9%
The ______ DucksMighty
93.6%
Blades of _____Glory
91.7%
The Cutting ____Edge
90.1%
___ PrincessIce
83.1%
____ ShotSlap
73.3%
Men with ______Brooms
59.4%
Mystery, ______Alaska
52.4%
Downhill _____Racer
37.2%
Ice _______Castles
31.6%
Iron ____Will
20.4%

Today's Daily Dose

You're not logged in!

Compare scores with friends on all Sporcle quizzes.
Join for Free
OR
Log In

You Might Also Like...

Show Comments

Extras

Top Quizzes Today


Score Distribution

Your Account Isn't Verified!

In order to create a playlist on Sporcle, you need to verify the email address you used during registration. Go to your Sporcle Settings to finish the process.

Report this User

Report this user for behavior that violates our Community Guidelines.

Details: